| 000 | 00657nam a22001337a 4500 | ||
|---|---|---|---|
| 040 | _cRUA | ||
| 082 | _aLMA REM 2010 B302 Or.1 | ||
| 100 | _aREM RATYA; រ៉ែម រត្យា | ||
| 245 | _aFeasiblity study for establishing ecotouris site in phnom kravanh district, pursat province, លទ្ធភាពបង្កើតតំបន់អេកូទេសចរណ័ នៅស្រុកភ្នំក្រវាញ ខេត្តពោធិ៍សាត់ | ||
| 260 |
_aPhnom Penh _bRUA _c2010 |
||
| 300 |
_ax ;48p. _bill. _c29cm. |
||
| 856 | _uhttps://drive.google.com/file/d/1-6lGgiygFfXOuydNcYKLzh3e46GFcU4L/view?usp=sharing | ||
| 942 | _cLMA | ||
| 999 |
_c5543 _d5543 |
||